[Event "InventiChess GM"]
[Site "Antwerp BEL"]
[Date "2010.09.03"]
[Round "1"]
[White "Van der Stricht,G"]
[Black "Hautot,S"]
[Result "0-1"]
[WhiteElo "2392"]
[BlackElo "2409"]
[EventDate "2010.09.03"]

1. d4 Nf6 2. c4 g6 3. Nc3 Bg7 4. e4 d6 5. Be2 O-O 6. Nf3 e5 7. O-O Nc6 8.
d5 Ne7 9. b4 Nh5 10. Re1 f5 11. Ng5 Nf4 12. Bxf4 exf4 13. Rc1 fxe4 14.
Ncxe4 Nf5 15. Bg4 h6 16. Ne6 Bxe6 17. dxe6 Qe7 18. c5 Nd4 19. cxd6 cxd6 20.
Nc3 f3 21. Qd2 h5 22. Bh3 fxg2 23. Bxg2 Be5 24. Re4 Nxe6 25. Nd5 Qg5 26.
Qxg5 Nxg5 27. Rec4 Nf3+ 28. Bxf3 Rxf3 29. Rc8+ Rxc8 30. Rxc8+ Kf7 31. Kg2
Rd3 32. Rc7+ Ke6 33. Ne3 Bd4 34. Rxb7 Bxe3 35. fxe3 Rd2+ 36. Kg3 Rxa2 37.
Rg7 Kf6 38. Rd7 Ke6 39. Rg7 Kf6 40. Rd7 Ra6 41. Kf3 Ke6 42. Rg7 Kf5 43. Rd7
Rb6 44. Rxa7 Rxb4 45. Ra5+ Kf6 46. Rd5 Ke6 47. Rg5 Kf7 48. Rd5 Rh4 49. Rxd6
Rxh2 50. Ra6 Rh1 51. Kf4 Rg1 52. e4 Rg4+ 53. Kf3 Rg5 54. Kf4 Rb5 55. Ra7+
Kf6 56. Ra6+ Kg7 57. Ra7+ Kh6 58. Ra6 Rb1 59. Ra5 Rf1+ 60. Kg3 Re1 61. Kf3
h4 62. Ra8 Kh5 63. Kf4 Rf1+ 64. Ke5 h3 65. Rh8+ Kg4 66. Kd4 g5 67. e5 Kg3
68. e6 Re1 69. Rh5 g4 70. Re5 Rxe5 71. Kxe5 h2 0-1

[Event "InventiChess GM"]
[Site "Antwerp BEL"]
[Date "2010.09.03"]
[Round "1"]
[White "Michiels,B"]
[Black "Istratescu,A"]
[Result "1/2-1/2"]
[WhiteElo "2459"]
[BlackElo "2631"]
[EventDate "2010.09.03"]

1. e4 c6 2. d4 d5 3. Nc3 dxe4 4. Nxe4 Bf5 5. Ng3 Bg6 6. Nh3 Nf6 7. Nf4 e5
8. Nxg6 hxg6 9. dxe5 Qa5+ 10. Bd2 Qxe5+ 11. Qe2 Nbd7 12. Qxe5+ Nxe5 13. f4
Ned7 14. O-O-O Bd6 15. Re1+ Kf8 16. Ne4 Nxe4 17. Rxe4 Nf6 18. Rd4 Ke7 19.
Bd3 Rhd8 20. f5 gxf5 21. Bxf5 Kf8 22. g3 Be7 23. Rxd8+ Rxd8 24. Re1 Nd5 25.
Re2 Nb6 26. b3 Ba3+ 27. Kb1 a5 28. c4 Bb4 29. Be3 Nd7 30. Kc2 Nc5 31. Bg5
Re8 32. Rxe8+ Kxe8 33. Bc1 g6 34. Bh3 Ke7 35. a3 Be1 36. Be3 Ne6 37. Kd3 f5
38. Bb6 1/2-1/2

[Event "InventiChess GM"]
[Site "Antwerp BEL"]
[Date "2010.09.03"]
[Round "1"]
[White "Piceu,T"]
[Black "Hovhanisian,M"]
[Result "0-1"]
[WhiteElo "2330"]
[BlackElo "2474"]
[EventDate "2010.09.03"]

1. d4 d5 2. Nf3 Nf6 3. c4 e6 4. Nc3 Bb4 5. Bg5 O-O 6. a3 Bxc3+ 7. bxc3 c5
8. e3 Nbd7 9. cxd5 exd5 10. Bd3 c4 11. Bc2 Qa5 12. O-O Ne4 13. Bh4 Re8 14.
Bxe4 Rxe4 15. Bg3 Re8 16. Qb1 Qxc3 17. Qb5 Nf6 18. Be5 a6 19. Qc5 Be6 20.
Qc7 Ne4 21. Qxb7 f6 22. Bf4 Qa5 23. Bc7 Qb5 24. Rfb1 Qxb7 25. Rxb7 Re7 26.
Rab1 c3 27. Ne1 Rc8 28. f3 Ng5 29. h4 Nf7 30. Ba5 Rxb7 31. Rxb7 g5 32. Rb6
Bf5 33. e4 dxe4 34. Rxf6 Bg6 35. h5 Bxh5 36. fxe4 c2 37. Nxc2 Rxc2 38. Rxa6
Bg6 39. e5 g4 40. Bb4 Ng5 41. Kh2 Nf3+ 42. Kg3 Nxd4 43. e6 Re2 44. e7 Kf7
45. Ra8 Nf5+ 46. Kxg4 Nxe7 47. Bxe7 Kxe7 48. g3 Re4+ 49. Kg5 Re5+ 50. Kf4
Rf5+ 51. Kg4 Rc5 52. Kf4 Rc6 53. Kg5 Bc2 54. Ra7+ Ke6 55. Ra5 Rd6 56. Ra7
Rd7 57. Ra6+ Kf7 58. Ra5 Kg7 59. Kf4 Rf7+ 60. Kg5 Rd7 61. Kf4 Rd4+ 62. Ke3
Ra4 63. Rg5+ Kf6 0-1

[Event "InventiChess GM"]
[Site "Antwerp BEL"]
[Date "2010.09.03"]
[Round "1"]
[White "Docx,S"]
[Black "Sokolov,Ivan"]
[Result "1-0"]
[WhiteElo "2342"]
[BlackElo "2641"]
[EventDate "2010.09.03"]

1. d4 d5 2. c4 c6 3. Nf3 Nf6 4. e3 a6 5. Bd3 Bg4 6. Nbd2 e6 7. O-O c5 8.
cxd5 exd5 9. dxc5 Bxc5 10. b4 Bxb4 11. Qa4+ Nc6 12. Ne5 Qd6 13. Nxc6 bxc6
14. Rb1 Bxd2 15. Bxd2 Bd7 16. Rb6 O-O 17. Rxa6 Ng4 18. g3 Qh6 19. h4 Rab8
20. Bc3 Rfe8 21. Ra7 Rxe3 22. Rxd7 Rxd3 23. Qxg4 Qg6 24. Qf4 Re8 25. Re7 f6
26. Rxe8+ Qxe8 27. Re1 Qc8 28. Rb1 Kf7 29. Rb8 Qa6 30. Bb4 h5 31. Qf5 Rxg3+
32. Kh2 1-0

[Event "InventiChess GM"]
[Site "Antwerp BEL"]
[Date "2010.09.03"]
[Round "1"]
[White "Meier,Geo"]
[Black "De Jong,JW"]
[Result "1/2-1/2"]
[WhiteElo "2659"]
[BlackElo "2444"]
[EventDate "2010.09.03"]

1. e4 e5 2. Nf3 Nc6 3. Bb5 f5 4. Nc3 fxe4 5. Nxe4 Nf6 6. Qe2 d5 7. Nxf6+
gxf6 8. d4 Bg7 9. dxe5 O-O 10. e6 Ne5 11. Bf4 c6 12. Nxe5 fxe5 13. Bxe5
cxb5 14. Bxg7 Kxg7 15. e7 Qa5+ 16. c3 Re8 17. O-O Qc7 18. Rfe1 a5 19. Rad1
Ra6 20. Rxd5 Rg6 21. h4 Be6 22. Re5 Qc6 23. f3 Bd5 24. Kh1 Kf7 25. Qd3 Bc4
26. Qf5+ Kg7 27. b3 Bf7 28. R1e3 b4 29. cxb4 axb4 30. h5 Rh6 31. Qg4+ Kh8
32. Qf4 Qf6 33. Qxf6+ Rxf6 34. Rb5 b6 35. g4 Kg7 36. Rg5+ Kh8 37. Rb5 Kg7
38. Rxb4 Bd5 39. Kg2 Kf7 40. Rb5 Rd6 41. a4 Rxe7 42. Rxe7+ Kxe7 43. Kg3 Kf6
44. f4 h6 45. Kh4 Be6 46. a5 1/2-1/2

[Event "InventiChess GM"]
[Site "Antwerp BEL"]
[Date "2010.09.04"]
[Round "2"]
[White "Hautot,S"]
[Black "De Jong,JW"]
[Result "1/2-1/2"]
[WhiteElo "2409"]
[BlackElo "2444"]
[EventDate "2010.09.03"]

1. e4 c5 2. Nf3 Nc6 3. Nc3 Nf6 4. d4 cxd4 5. Nxd4 e5 6. Ndb5 d6 7. Bg5 a6
8. Na3 b5 9. Bxf6 gxf6 10. Nd5 Bg7 11. c3 f5 12. exf5 Bxf5 13. Nc2 O-O 14.
Nce3 Be6 15. g3 f5 16. Bg2 Rb8 17. O-O Qd7 18. Qh5 Ne7 19. Nxe7+ Qxe7 20.
Bd5 Kh8 21. Bxe6 Qxe6 22. Rfd1 f4 23. Nd5 Rf5 24. Qe2 fxg3 25. fxg3 Rbf8
26. Ne3 Rf3 27. Rf1 e4 28. Rxf3 exf3 29. Qd3 f2+ 30. Kg2 Qf7 31. Nd5 Be5
1/2-1/2

[Event "InventiChess GM"]
[Site "Antwerp BEL"]
[Date "2010.09.04"]
[Round "2"]
[White "Sokolov,Ivan"]
[Black "Meier,Geo"]
[Result "1/2-1/2"]
[WhiteElo "2641"]
[BlackElo "2659"]
[EventDate "2010.09.03"]

1. d4 Nf6 2. c4 e6 3. Nc3 Bb4 4. e3 c5 5. Nge2 cxd4 6. exd4 d5 7. a3 Be7 8.
Nf4 dxc4 9. Bxc4 O-O 10. Be3 Nc6 11. O-O Bd6 12. Nh5 Nd5 13. Rc1 Nxe3 14.
fxe3 Qg5 15. Qf3 Be7 16. h3 Bd7 17. Ne4 Qh6 18. b4 Rac8 19. Nc5 Bxc5 20.
bxc5 b6 21. Ba6 Rb8 22. Bd3 Rbc8 23. Kh2 Na5 24. Rc3 bxc5 25. dxc5 Qg5 26.
Rfc1 Bc6 27. Qg4 Qxg4 28. hxg4 Rfd8 29. Ng3 Kf8 30. Ne2 Rxd3 31. Rxd3 Bb5
32. Nf4 g5 33. Rb1 Bc4 34. Rd7 gxf4 35. exf4 a6 36. Rb6 Kg7 37. g5 Bb5 38.
Ra7 Kg6 39. Rxb5 axb5 40. Rxa5 Rxc5 41. g3 h6 42. gxh6 Kxh6 43. Kh3 Kg6 44.
a4 Rh5+ 45. Kg4 f5+ 46. Kf3 bxa4 1/2-1/2

[Event "InventiChess GM"]
[Site "Antwerp BEL"]
[Date "2010.09.04"]
[Round "2"]
[White "Hovhanisian,M"]
[Black "Docx,S"]
[Result "1/2-1/2"]
[WhiteElo "2474"]
[BlackElo "2342"]
[EventDate "2010.09.03"]

1. e4 e5 2. Nf3 Nc6 3. Nc3 Nf6 4. Bb5 Nd4 5. Bc4 d6 6. Ng5 d5 7. exd5 h6 8.
Nf3 Bg4 9. Be2 Bxf3 10. Bxf3 Bb4 11. O-O O-O 12. d3 Bxc3 13. bxc3 Nxf3+ 14.
Qxf3 Qxd5 15. Qxd5 Nxd5 16. Bd2 Rfe8 17. a4 Rad8 18. Rfe1 Re6 19. a5 f6 20.
f3 Kf7 21. Reb1 b6 22. c4 Ne7 23. axb6 axb6 24. Kf2 Nc6 25. Bc3 Nd4 26.
Bxd4 exd4 27. Ra7 Re7 28. Re1 Rde8 29. Re4 f5 30. Rxe7+ Rxe7 31. Ra8 Re8
32. Ra7 Re7 33. h4 f4 34. Ra8 Re8 35. Ra7 Re7 36. Ra8 Re8 37. Ra7 Re7 38.
Ra8 1/2-1/2

[Event "InventiChess GM"]
[Site "Antwerp BEL"]
[Date "2010.09.04"]
[Round "2"]
[White "Istratescu,A"]
[Black "Piceu,T"]
[Result "1-0"]
[WhiteElo "2631"]
[BlackElo "2330"]
[EventDate "2010.09.03"]

1. e4 c5 2. Nf3 d6 3. d4 cxd4 4. Nxd4 Nf6 5. Nc3 a6 6. Bg5 e6 7. f4 Nbd7 8.
Qe2 Qc7 9. O-O-O Be7 10. g4 O-O 11. Bg2 Nb6 12. h4 Re8 13. Rhe1 e5 14. Nf5
exf4 15. Nxe7+ Qxe7 16. Qf2 Nc4 17. Nd5 Qe5 18. Bxf6 gxf6 19. Qd4 Ne3 20.
Nxf6+ Kf8 21. Nxe8 Kxe8 22. Rxe3 fxe3 23. Bf3 Qxd4 24. Rxd4 Ke7 25. Rb4 Ke6
26. Kd1 b5 27. Ke2 Ke5 28. Kxe3 Bd7 29. Rd4 Bc6 30. Rd2 h6 31. Rg2 Rg8 32.
g5 hxg5 33. Rxg5+ Rxg5 34. hxg5 Bb7 35. b4 Bc8 36. Bh5 Be6 37. a3 d5 38.
exd5 Kxd5 39. Bf3+ Kc4 40. Bb7 Kc3 41. Bxa6 Bd7 42. Ke4 Kxc2 43. Kd5 Kb3
44. Kd6 Be8 45. Bb7 Kxa3 46. Ke7 f6 47. gxf6 1-0

[Event "InventiChess GM"]
[Site "Antwerp BEL"]
[Date "2010.09.04"]
[Round "2"]
[White "Van der Stricht,G"]
[Black "Michiels,B"]
[Result "1/2-1/2"]
[WhiteElo "2392"]
[BlackElo "2459"]
[EventDate "2010.09.03"]

1. d4 d5 2. c4 dxc4 3. e4 e5 4. Nf3 exd4 5. Bxc4 Nc6 6. O-O Be6 7. Bxe6
fxe6 8. Qb3 Qd7 9. Qxb7 Rb8 10. Qa6 Bd6 11. Nbd2 Nge7 12. a3 Ng6 13. b4 O-O
14. Bb2 e5 15. Rfc1 Nce7 16. Ne1 Nf4 17. f3 Rf6 18. Nf1 Neg6 19. Rc2 Kh8
20. Qxa7 Qb5 21. a4 Qxb4 22. Ba3 Qb6 23. Qxb6 cxb6 24. g3 Bxa3 25. Rxa3 Ne6
26. Rb3 Rff8 27. Rc6 Nc5 28. Rbxb6 Rxb6 29. Rxb6 Nxa4 30. Rc6 Kg8 31. Nd2
Nb2 32. Rb6 Nd1 33. Nd3 Rc8 34. Nb3 Rc2 35. Nbc5 Ne3 36. Rb2 Rc3 37. Rb3
Rc2 38. Rb2 Rc3 39. Rb3 Rc2 1/2-1/2

[Event "InventiChess GM"]
[Site "Antwerp BEL"]
[Date "2010.09.05"]
[Round "3"]
[White "Piceu,T"]
[Black "Van der Stricht,G"]
[Result "1-0"]
[WhiteElo "2330"]
[BlackElo "2392"]
[EventDate "2010.09.03"]

1. e4 c5 2. Nf3 d6 3. c3 Nf6 4. Be2 g6 5. O-O Bg7 6. d3 O-O 7. h3 Nc6 8.
Be3 e5 9. a3 Qe7 10. b4 c4 11. Nbd2 cxd3 12. Bxd3 b6 13. a4 d5 14. Bg5 dxe4
15. Bxe4 Bb7 16. Re1 Qc7 17. Qb3 Rac8 18. Rac1 Rfe8 19. Bxf6 Bxf6 20. Bd5
Rcd8 21. Ne4 Bg7 22. Neg5 Rd7 23. Rcd1 h6 24. Nxf7 Rxf7 25. Nh4 Nd8 26.
Bxf7+ Qxf7 27. Qxf7+ Nxf7 28. Rd7 Rb8 29. Nxg6 e4 30. Rc7 Bf6 31. Rd1 Bd8
32. Rcd7 Bf6 33. c4 a6 34. Ne7+ Kf8 35. Nd5 Be5 36. Nxb6 Bc6 37. a5 Ke8 38.
Ra7 Bc3 39. b5 axb5 40. cxb5 Bxb5 41. Nd5 Be2 42. Rc1 Bd4 43. Re7+ Kf8 44.
Rxe4 Bb2 45. Rc7 Bd3 46. Rf4 Bg6 47. Ne7 Bh5 48. Rc8+ Rxc8 49. Nxc8 Be2 50.
Nd6 1-0

[Event "InventiChess GM"]
[Site "Antwerp BEL"]
[Date "2010.09.05"]
[Round "3"]
[White "Docx,S"]
[Black "Istratescu,A"]
[Result "1/2-1/2"]
[WhiteElo "2342"]
[BlackElo "2631"]
[EventDate "2010.09.03"]

1. d4 Nf6 2. c4 e6 3. g3 c5 4. d5 exd5 5. cxd5 d6 6. Nc3 a6 7. a4 g6 8. Bg2
Bg7 9. Nf3 O-O 10. O-O Nbd7 11. h3 Rb8 12. Bf4 Ne8 13. Bg5 f6 14. Bd2 f5
15. Ng5 Ne5 16. Qb3 Qe7 17. f4 Nf7 18. Ne6 Bxe6 19. dxe6 Nd8 20. e4 Qxe6
21. Nd5 fxe4 22. Rae1 Nf6 23. Bxe4 Kh8 24. Bg2 Qg8 25. Bc3 Nc6 26. Qd1 Nd4
27. Nb6 Rfe8 28. Bxd4 cxd4 29. Qxd4 Nh5 30. Qd3 Nxg3 31. Qxg3 Bd4+ 32. Kh1
Bxb6 33. Rxe8 Rxe8 34. f5 gxf5 35. Qxd6 Qg6 36. Qd3 Rf8 37. Bxb7 a5 38.
Qc3+ Qg7 39. Qxg7+ Kxg7 40. Kg2 Kf6 41. Rd1 Bc5 42. Rd5 Bb4 43. Kf3 Re8 44.
Ba6 Re5 45. Rxe5 Kxe5 46. Bc8 h6 47. Bd7 1/2-1/2

[Event "InventiChess GM"]
[Site "Antwerp BEL"]
[Date "2010.09.05"]
[Round "3"]
[White "De Jong,JW"]
[Black "Sokolov,Ivan"]
[Result "1/2-1/2"]
[WhiteElo "2444"]
[BlackElo "2641"]
[EventDate "2010.09.03"]

1. d4 d5 2. c4 c6 3. Nf3 Nf6 4. Nc3 dxc4 5. a4 Bf5 6. Ne5 Nbd7 7. Nxc4 Nb6
8. Ne5 a5 9. f3 Nfd7 10. e4 Nxe5 11. exf5 Ned7 12. d5 cxd5 13. Nxd5 e6 14.
fxe6 fxe6 15. Nxb6 Qxb6 16. Bb5 O-O-O 17. Ke2 Bb4 18. Be3 Nc5 19. Qc2 Rd5
20. Rhd1 Re5 21. Kf2 Kb8 22. Bd4 Rd5 23. Be3 Re5 24. Bd4 Rd5 1/2-1/2

[Event "InventiChess GM"]
[Site "Antwerp BEL"]
[Date "2010.09.06"]
[Round "4"]
[White "Hautot,S"]
[Black "Sokolov,Ivan"]
[Result "1/2-1/2"]
[WhiteElo "2409"]
[BlackElo "2641"]
[EventDate "2010.09.03"]

1. e4 e5 2. d4 exd4 3. Nf3 Nc6 4. Bc4 Nf6 5. e5 d5 6. Bb5 Ne4 7. Nxd4 Bd7
8. Bxc6 bxc6 9. O-O c5 10. Nb3 Bb5 11. Re1 c6 12. f3 Ng5 13. Nc3 Ne6 14. f4
g6 15. Nxb5 cxb5 16. c3 Qd7 17. Qf3 a5 18. Be3 a4 19. Nd2 Rd8 20. Rad1 Be7
21. g4 Ng7 22. Rf1 h5 23. h3 hxg4 24. hxg4 Qe6 25. Bf2 f5 26. exf6 Qxf6 27.
Kg2 Ne6 28. Bg3 Rd7 29. Qe2 g5 30. fxg5 Qg6 1/2-1/2

[Event "InventiChess GM"]
[Site "Antwerp BEL"]
[Date "2010.09.06"]
[Round "4"]
[White "Hovhanisian,M"]
[Black "De Jong,JW"]
[Result "0-1"]
[WhiteElo "2474"]
[BlackElo "2444"]
[EventDate "2010.09.03"]

1. d4 Nf6 2. c4 c5 3. e3 g6 4. Nc3 Bg7 5. Nf3 O-O 6. Be2 cxd4 7. exd4 d5 8.
O-O Nc6 9. h3 dxc4 10. Bxc4 Na5 11. Be2 Be6 12. Re1 Rc8 13. Ne5 Nd5 14. Qa4
Rxc3 15. Bd2 Bxe5 16. bxc3 Bc7 17. c4 Nb6 18. Qb4 Nc6 19. Qb2 Qxd4 20. Bc3
Qf4 21. g3 Qh6 22. h4 Na4 23. Bd2 Nxb2 24. Bxh6 Rb8 25. Rab1 Nxc4 26. Bf1
Bd5 27. Red1 e6 28. Bxc4 Bxc4 29. Rd7 Bb6 30. a4 e5 31. a5 Be6 32. Rd6 Bc7
33. Rd2 Bxa5 34. Rdb2 Bb6 35. Rc1 f6 36. Be3 Nd4 0-1

[Event "InventiChess GM"]
[Site "Antwerp BEL"]
[Date "2010.09.06"]
[Round "4"]
[White "Istratescu,A"]
[Black "Meier,Geo"]
[Result "1/2-1/2"]
[WhiteElo "2631"]
[BlackElo "2659"]
[EventDate "2010.09.03"]

1. e4 e6 2. d4 d5 3. Nc3 dxe4 4. Nxe4 Nd7 5. Nf3 Ngf6 6. Nxf6+ Nxf6 7. c3
c5 8. Ne5 a6 9. Be3 Qc7 10. Qa4+ Nd7 11. Bb5 cxd4 12. Bxd7+ Bxd7 13. Qxd4
Bb5 14. a4 Bd6 15. Nxf7 Kxf7 16. axb5 axb5 17. Ke2 Qc6 18. Rxa8 Rxa8 19.
Rd1 Be7 20. Qf4+ Bf6 21. g4 Ra4 22. Qf3 Ra2 23. Rd2 b4 24. Qxc6 bxc6 25.
cxb4 Rxb2 1/2-1/2

[Event "InventiChess GM"]
[Site "Antwerp BEL"]
[Date "2010.09.06"]
[Round "4"]
[White "Van der Stricht,G"]
[Black "Docx,S"]
[Result "1-0"]
[WhiteElo "2392"]
[BlackElo "2342"]
[EventDate "2010.09.03"]

1. d4 Nf6 2. c4 e6 3. Nc3 Bb4 4. e3 O-O 5. Bd3 d5 6. Nf3 c5 7. O-O Nc6 8.
a3 Bxc3 9. bxc3 Qc7 10. cxd5 exd5 11. Nh4 c4 12. Bc2 Ne4 13. Qe1 Qa5 14.
Bb2 f5 15. f3 Nd6 16. a4 Rf6 17. Ba3 Nf7 18. e4 fxe4 19. fxe4 Rxf1+ 20.
Kxf1 Be6 21. Rb1 Qc7 22. Nf3 b6 23. Rb5 Qd7 24. Qh4 Na5 25. e5 g6 26. Qf6
Re8 27. h4 Bf5 28. Bxf5 gxf5 29. h5 Nb3 30. h6 Nd8 31. Rxd5 Qc7 32. Qg5+
Kh8 33. Rxd8 1-0

[Event "InventiChess GM"]
[Site "Antwerp BEL"]
[Date "2010.09.06"]
[Round "4"]
[White "Michiels,B"]
[Black "Piceu,T"]
[Result "1-0"]
[WhiteElo "2459"]
[BlackElo "2330"]
[EventDate "2010.09.03"]

1. e4 c5 2. Nf3 d6 3. d4 cxd4 4. Nxd4 Nf6 5. Nc3 a6 6. Be2 e5 7. Nb3 Be7 8.
O-O O-O 9. Be3 Be6 10. f4 exf4 11. Rxf4 Nc6 12. Nd5 Ne5 13. Nxe7+ Qxe7 14.
Nd2 Rac8 15. Bd4 Nfd7 16. c3 Nc5 17. Qc2 Nc6 18. Bf2 f5 19. Bxc5 dxc5 20.
exf5 Bd5 21. Rf2 Rcd8 22. Raf1 b5 23. Bf3 Qe3 24. Bxd5+ Rxd5 25. Qe4 Qxe4
26. Nxe4 Re8 27. Rf4 Ne5 28. f6 Rf8 29. b3 Rf7 30. Rf5 g6 31. R5f2 h6 32.
Rd2 Rxd2 33. Nxd2 Rd7 34. Ne4 c4 35. Kf2 Ng4+ 36. Kg3 Ne3 37. Rf3 Nf5+ 38.
Kf4 Rd5 39. bxc4 bxc4 40. Rf2 Kf7 41. Rd2 g5+ 42. Kf3 Nh4+ 43. Kf2 Rxd2+
44. Nxd2 Kxf6 45. Nxc4 Ke6 46. g3 Nf5 47. Kf3 h5 48. Ke4 h4 49. g4 Ne7 50.
Nd2 Nd5 51. Kd4 Nf4 52. Ne4 Ne2+ 53. Ke3 Ke5 54. c4 Nc1 55. a3 Nb3 56. Nxg5
1-0

[Event "InventiChess GM"]
[Site "Antwerp BEL"]
[Date "2010.09.07"]
[Round "5"]
[White "Piceu,T"]
[Black "Hautot,S"]
[Result "1/2-1/2"]
[WhiteElo "2330"]
[BlackElo "2409"]
[EventDate "2010.09.03"]

1. d4 d5 2. c4 c6 3. Nf3 Nf6 4. Nc3 dxc4 5. e4 b5 6. e5 Nd5 7. Be2 Bf5 8.
O-O e6 9. a4 b4 10. Nb1 c3 11. Bd3 cxb2 12. Bxb2 Bxd3 13. Qxd3 Be7 14. Nbd2
Nd7 15. Rfc1 Rc8 16. Ne4 O-O 17. Rc2 h6 18. Nfd2 c5 19. Rac1 Nc3 20. Bxc3
Nxe5 21. Qg3 bxc3 22. dxe5 cxd2 23. Rxd2 Qa5 24. Rd7 Rc7 25. Rd3 c4 26. Rf3
Rd8 27. Qf4 Bg5 28. Nxg5 hxg5 29. Qxg5 Qd2 30. Qxd2 Rxd2 31. Kf1 Ra2 32.
Rfc3 Rxa4 33. Ke2 Rc5 34. f4 a5 35. h4 Rb4 36. Ke3 a4 37. R1c2 f5 38. exf6
gxf6 39. g4 Kg7 40. Kd4 Rd5+ 41. Ke4 Ra5 42. Ra2 f5+ 43. gxf5 Rxf5 44. Rg2+
Kf6 45. Rgc2 Rc5 46. Rc1 Ra5 47. Ra1 Rd5 48. Rac1 Kg6 49. Rg1+ Kf6 50. Rgc1
Rh5 51. Rh1 Kg6 52. Rg1+ Kh6 53. Rg8 Kh7 54. Re8 Rh6 55. Re7+ Kg8 56. Rc7
Rh5 57. Rg3+ Kf8 58. Rgg7 c3+ 59. Ke3 c2 60. Rcf7+ Ke8 1/2-1/2

[Event "InventiChess GM"]
[Site "Antwerp BEL"]
[Date "2010.09.07"]
[Round "5"]
[White "Docx,S"]
[Black "Michiels,B"]
[Result "0-1"]
[WhiteElo "2342"]
[BlackElo "2459"]
[EventDate "2010.09.03"]

1. e4 e6 2. d4 d5 3. Nd2 Nf6 4. e5 Nfd7 5. Bd3 c5 6. c3 Nc6 7. Ne2 cxd4 8.
cxd4 f6 9. Nf4 Nxd4 10. Qh5+ Ke7 11. exf6+ Nxf6 12. Ng6+ hxg6 13. Qxh8 Kf7
14. O-O e5 15. Nb3 Nxb3 16. axb3 e4 17. Be2 Be6 18. Bg5 Qb6 19. Rfc1 Rd8
20. Qh4 Be7 21. Qg3 Bd6 22. Bf4 Bxf4 23. Qxf4 Qxb3 24. Rxa7 Qxb2 25. Ba6 g5
26. Qxg5 Rd7 27. Bf1 d4 28. Raa1 d3 29. Rab1 Qd4 30. h3 Bc4 31. g4 b5 32.
Qf4 Kg8 33. Bg2 Nd5 34. Qd2 Rf7 35. Re1 Nc3 36. Qb2 d2 37. Re3 Ne2+ 0-1

[Event "InventiChess GM"]
[Site "Antwerp BEL"]
[Date "2010.09.07"]
[Round "5"]
[White "De Jong,JW"]
[Black "Istratescu,A"]
[Result "0-1"]
[WhiteElo "2444"]
[BlackElo "2631"]
[EventDate "2010.09.03"]

1. d4 Nf6 2. c4 e6 3. Nc3 Bb4 4. f3 d5 5. a3 Bxc3+ 6. bxc3 c5 7. cxd5 exd5
8. e3 Qc7 9. Ne2 h5 10. Nf4 g5 11. Nd3 c4 12. Nf2 Qa5 13. Qc2 Nc6 14. Be2
Be6 15. O-O O-O-O 16. e4 Rdg8 17. exd5 Qxd5 18. Ne4 Ne8 19. Rb1 Na5 20. Qa4
Bd7 21. Qb4 b6 22. Qe7 Nc6 23. Bxc4 Nxe7 24. Bxd5 Nxd5 25. c4 Nf4 26. Bxf4
gxf4 27. Nc3 Rg5 28. Nd5 Be6 29. Nxf4 Bxc4 30. Rfc1 Nd6 0-1

[Event "InventiChess GM"]
[Site "Antwerp BEL"]
[Date "2010.09.07"]
[Round "5"]
[White "Sokolov,Ivan"]
[Black "Hovhanisian,M"]
[Result "1/2-1/2"]
[WhiteElo "2641"]
[BlackElo "2474"]
[EventDate "2010.09.03"]

1. d4 d5 2. c4 c6 3. Nf3 Nf6 4. Nc3 a6 5. g3 dxc4 6. a4 e6 7. Bg2 c5 8.
dxc5 Qxd1+ 9. Nxd1 Nc6 10. Ne3 Na5 11. c6 bxc6 12. O-O Nd5 13. Ne5 f6 14.
N5xc4 Nb3 15. Rb1 a5 16. Nc2 Ba6 17. Nd2 Nxd2 18. Bxd2 Bxe2 19. Rfe1 Bd3
20. Rbc1 Bxc2 21. Rxc2 Kd7 22. Rec1 Bb4 23. Bxd5 exd5 24. Bxb4 axb4 25.
Rxc6 Rxa4 26. Rc7+ Kd6 27. R1c6+ Ke5 28. Rxg7 Ra2 29. Rc2 Kd4 30. Re7 Kd3
31. Ree2 Ra1+ 32. Kg2 Rd1 33. Kf3 Re8 34. h4 d4 35. b3 Rxe2 36. Rxe2 Kc3
37. Re7 d3 38. Rc7+ Kxb3 39. Rxh7 Kc3 40. Rc7+ Kb2 41. h5 b3 42. h6 Rh1 43.
Ke3 Rxh6 44. Rc6 Kb1 1/2-1/2

[Event "InventiChess GM"]
[Site "Antwerp BEL"]
[Date "2010.09.08"]
[Round "6"]
[White "Hautot,S"]
[Black "Hovhanisian,M"]
[Result "1/2-1/2"]
[WhiteElo "2409"]
[BlackElo "2474"]
[EventDate "2010.09.03"]

1. e4 e6 2. d4 d5 3. Nc3 Bb4 4. e5 c5 5. a3 Bxc3+ 6. bxc3 Qc7 7. Nf3 Ne7 8.
Bd3 b6 9. a4 Ba6 10. O-O Bxd3 11. cxd3 Nbc6 12. dxc5 bxc5 13. d4 cxd4 14.
cxd4 O-O 15. Ba3 Rfc8 16. Qd3 Qd8 17. a5 Nf5 18. a6 Rab8 19. Bc5 h5 20. h3
Rb2 21. Rfb1 Rcb8 22. Rxb2 Rxb2 23. Ba3 Rb6 24. Bc5 Rb2 25. Ba3 Rb6 26. Bc5
Rb8 27. Rb1 h4 28. Rb5 Qc8 29. Qb3 Ra8 30. Rb7 Ncxd4 31. Nxd4 Qxc5 32. Nxf5
Qc1+ 33. Kh2 Qf4+ 34. Kg1 Qc1+ 35. Kh2 Qf4+ 36. Kg1 Qc1+ 37. Kh2 Qf4+ 38.
Kg1 Qc1+ 39. Kh2 Qf4+ 1/2-1/2

[Event "InventiChess GM"]
[Site "Antwerp BEL"]
[Date "2010.09.08"]
[Round "6"]
[White "Istratescu,A"]
[Black "Sokolov,Ivan"]
[Result "0-1"]
[WhiteElo "2631"]
[BlackElo "2641"]
[EventDate "2010.09.03"]

1. d4 d5 2. c4 c6 3. Nf3 Nf6 4. Nc3 dxc4 5. a4 Bf5 6. Ne5 Nbd7 7. Nxc4 Nb6
8. Ne5 a5 9. f3 Nfd7 10. e4 Nxe5 11. dxe5 Qxd1+ 12. Kxd1 Be6 13. Kc2 Bc4
14. Be3 Bxf1 15. Rhxf1 Nd7 16. f4 e6 17. Rad1 Be7 18. Nb1 b5 19. Nc3 Rb8
20. b3 Rb7 21. Rd3 g5 22. fxg5 Nxe5 23. Rdd1 bxa4 24. Nxa4 c5 25. Nb2 Rb4
26. Bd2 Rxe4 27. Rfe1 Rxe1 28. Rxe1 Nc6 29. Nc4 Nd4+ 30. Kb2 Rg8 31. Ra1
Bxg5 32. Rxa5 Bd8 33. Ra7 Rxg2 34. Nd6+ Kf8 35. Kc3 Rxh2 36. Rxf7+ Kg8 37.
Ra7 Bf6 38. Kd3 Nxb3 39. Bf4 Rh4 40. Ke3 Nd4 41. Ne4 Rh3+ 42. Kd2 Nf3+ 43.
Ke2 Bd4 44. Bd6 Nh4 45. Kd2 c4 46. Rc7 c3+ 47. Kc2 Nf5 48. Ng5 Re3 49. Bf4
Bf6 50. Nxh7 Nd4+ 51. Kb1 Re1+ 52. Ka2 Re2+ 53. Ka1 Nb3+ 0-1

[Event "InventiChess GM"]
[Site "Antwerp BEL"]
[Date "2010.09.08"]
[Round "6"]
[White "Van der Stricht,G"]
[Black "De Jong,JW"]
[Result "0-1"]
[WhiteElo "2392"]
[BlackElo "2444"]
[EventDate "2010.09.03"]

1. d4 Nf6 2. c4 c5 3. d5 b5 4. cxb5 a6 5. bxa6 g6 6. Nc3 Bxa6 7. Nf3 d6 8.
g3 Bg7 9. Bg2 Nfd7 10. O-O Nb6 11. Qc2 O-O 12. Rd1 N8d7 13. Rb1 Nc4 14. Nd2
Qa5 15. Nxc4 Bxc4 16. Bd2 Qa6 17. b3 Bxe2 18. Nxe2 Qxe2 19. Re1 Qa6 20. a4
Ne5 21. f4 Qd3 22. Qxd3 Nxd3 23. Rxe7 Rfb8 24. Bf1 Nb4 25. Rd7 Nxd5 26. Bg2
Nf6 27. Rxd6 Rxa4 28. Rc6 Ng4 29. Rc8+ Rxc8 30. bxa4 c4 31. a5 c3 32. Bc1
c2 33. Rb3 Re8 34. Bf1 Bd4+ 35. Kg2 Re1 36. Rb8+ Kg7 37. Ba3 Ne3+ 38. Kf3
Rxf1+ 39. Ke4 Nc4 40. Bf8+ Kf6 0-1

[Event "InventiChess GM"]
[Site "Antwerp BEL"]
[Date "2010.09.08"]
[Round "6"]
[White "Michiels,B"]
[Black "Meier,Geo"]
[Result "1/2-1/2"]
[WhiteElo "2459"]
[BlackElo "2659"]
[EventDate "2010.09.03"]

1. e4 c6 2. d4 d5 3. Nc3 dxe4 4. Nxe4 Nd7 5. Ng5 Ngf6 6. Bd3 e6 7. N1f3 h6
8. Nxe6 fxe6 9. Bg6+ Ke7 10. Bf4 Nd5 11. Bg3 Qa5+ 12. c3 Kd8 13. O-O Ne7
14. b4 Qa3 15. Bf7 Nf5 16. Bxe6 Nxg3 17. hxg3 Nf6 18. Bb3 Bg4 19. Qd3 Bxf3
20. gxf3 Kc7 21. Rae1 Rd8 22. Re5 Nd5 23. b5 Bd6 24. Rf5 Nf6 25. bxc6 b6
26. Qc4 Rhe8 27. Ba4 Rc8 28. Rb1 Kd8 29. Kg2 Rc7 30. Rfb5 Rce7 31. R5b3
Qxa2 32. R1b2 Qa1 33. Rb1 Qa2 34. R1b2 Qa1 35. Rb1 1/2-1/2

[Event "InventiChess GM"]
[Site "Antwerp BEL"]
[Date "2010.09.08"]
[Round "6"]
[White "Piceu,T"]
[Black "Docx,S"]
[Result "1/2-1/2"]
[WhiteElo "2330"]
[BlackElo "2342"]
[EventDate "2010.09.03"]

1. d4 Nf6 2. c4 e6 3. Nf3 c5 4. Nc3 cxd4 5. Nxd4 Nc6 6. Nc2 d5 7. e3 Be7 8.
Be2 O-O 9. cxd5 Nxd5 10. Nxd5 exd5 11. O-O Bf6 12. Rb1 Be6 13. b3 Qa5 14.
a3 Rfd8 15. b4 Qb6 16. Bb2 d4 17. Nxd4 Nxd4 18. Bxd4 Bxd4 19. exd4 Rxd4 20.
Qc1 Bd5 21. Qe3 Rd8 22. Rbd1 Bc6 23. Rxd4 Qxd4 24. Qxd4 Rxd4 25. Rd1
1/2-1/2

[Event "InventiChess GM"]
[Site "Antwerp BEL"]
[Date "2010.09.09"]
[Round "7"]
[White "Docx,S"]
[Black "Hautot,S"]
[Result "1-0"]
[WhiteElo "2342"]
[BlackElo "2409"]
[EventDate "2010.09.03"]

1. d4 d5 2. c4 c6 3. Nf3 Nf6 4. Nc3 dxc4 5. a4 Bf5 6. Ne5 Nbd7 7. Nxc4 Nb6
8. Ne5 a5 9. f3 Nfd7 10. Nxd7 Nxd7 11. e4 Bg6 12. Be2 e6 13. O-O Bb4 14.
Be3 O-O 15. Qb3 Qb6 16. Bf2 Rfe8 17. Rad1 Rad8 18. g3 Qc7 19. Kg2 f6 20.
Bc4 Bf7 21. d5 Ne5 22. dxe6 Nxc4 23. Rxd8 1-0